000 00304nam a2200109 a 4500
005 20140414132059.0
008 110805s19uu xx 00 eng d
050 _aREF 333.79
_bK46 1996
245 _aNew library science :
_bForces and energy.
260 _aChicago :
_bJ.G Ferguson,
_c1996.
999 _c114399
_d114399